Место и роль академических библиотек в формировании библиотечных ресурсов страны на современном этапе (на примере БАН); Библиотечное дело - XXI век; № 2

Bibliografske podrobnosti
Parent link:Библиотечное дело - XXI век: приложение к журналу "Библиотековедение".— , 2002-
№ 2.— 2002.— С. 92-98
Glavni avtor: Беляева И. М. Нина Ирина Михайловна
Jezik:ruščina
Izdano: 2002
Serija:Теория и практика:точки пересечения
Teme:
Format: Book Chapter
KOHA link:https://koha.lib.tpu.ru/cgi-bin/koha/opac-detail.pl?biblionumber=400286

MARC

LEADER 00000naa2a2200000 4500
001 400286
005 20231101065354.0
035 |a (RuTPU)RU\TPU\prd\42478 
035 |a RU\TPU\prd\42470 
090 |a 400286 
100 |a 20060406a2002 k y0rusy50 ca 
101 0 |a rus 
102 |a RU 
200 1 |a Место и роль академических библиотек в формировании библиотечных ресурсов страны на современном этапе (на примере БАН)  |f И. М. Беляева 
225 1 |a Теория и практика:точки пересечения  |i Тема: "Формирование репозитарного фонда" 
461 0 |0 (RuTPU)RU\TPU\prd\7961  |t Библиотечное дело - XXI век  |o приложение к журналу "Библиотековедение"  |o научно-практический сборник  |d 2002- 
463 0 |0 (RuTPU)RU\TPU\prd\9359  |t № 2  |v С. 92-98  |d 2002 
610 1 |a репозитарные фонды 
610 1 |a формирование 
610 1 |a библиотечные ресурсы 
610 1 |a академические библиотеки 
610 1 |a БАН 
610 1 |a современный этап 
700 1 |a Беляева  |b И. М.  |g Нина Ирина Михайловна 
801 1 |a RU  |b 63413507  |c 20050413  |g PSBO 
801 2 |a RU  |b 63413507  |c 20060406  |g PSBO 
942 |c BK